000 00553nam a2200181 i 4500
001 49874
003 ES-MaACL
005 20230906162058.0
007 t|
008 030724s1957 sp ||||1| spa d
100 1 _aCramer, Heinz.
_941436
245 1 0 _aIsabel II
_b: (belleza y poder) /
_cpor Heinz Cramer ; [traducido del alemán por Juan Ed. Benusiglio].
250 _a[1ª ed.].
260 _aBarcelona :
_bA.H.R.,
_c[1957] (
_fAmpurias)
300 _a346 p. ;
_c20 cm.
700 1 _aBenusiglio, Juan Edmundo.
_927804
852 _aES-MaACL
_jC-12215
999 _c49874
_d49874